Chainsaw operator's manual : the safe use of chainsaws

Bibliographic Details
Main Author: KESTEL
Format: Book
Published: New South Wales, Australia : State Forests of New South Wales , 2002
Edition:Rev. ed.
Subjects:

MARC

LEADER 00000cam a2200000 7i4500
001 0000002204
005 20030322.0
020 0 0 |a 0643066292 
090 0 0 |a 634.98   |b KES 2002 
100 1 0 |a KESTEL   |h Bernard R. 
245 1 0 |a Chainsaw operator's manual :   |b the safe use of chainsaws   |c Bernard R. Kestel 
250 0 0 |a Rev. ed. 
260 0 0 |a New South Wales, Australia :   |b State Forests of New South Wales ,   |c 2002 
300 |a 72 :   |b col. ill. ;   |c 30 cm. 
650 0 0 |a Chain saws   |x Handbooks, manuals, etc. 
998 |a JPSM 
999 |a 0000003716   |b Monograph   |c Open Shelf   |e Default branch